[Event "National Capital op U1600"]
[Site "Ottawa CAN"]
[Date "2009.12.04"]
[Round "1"]
[White "Metcalfe, Drew"]
[Black "Lukezich, John"]
[Result "1-0"]
[WhiteElo "1158"]
[BlackElo "1512"]
[PlyCount "64"]
[GameId "2160767910030066"]
[EventDate "2009.12.04"]
[EventType "swiss"]
[EventRounds "5"]
[EventCountry "CAN"]
[SourceTitle "EXT 2011"]
[Source "ChessBase"]
[SourceDate "2011.11.26"]
[SourceVersion "1"]
[SourceVersionDate "2011.11.26"]
[SourceQuality "1"]

1. e4 e5 2. Nf3 Nc6 3. Bb5 Nf6 4. Nc3 Bd6 5. O-O a6 6. Ba4 b5 7. Bb3 b4 8. Ne2 Nxe4 9. d4 h6 10. Bd5 Nf6 11. Bxc6 dxc6 12. dxe5 Bg4 13. exd6 Bxf3 14. dxc7 Qxc7 15. gxf3 Rd8 16. Qe1 O-O 17. Qxb4 Rd5 18. Bf4 Qd7 19. c4 Rh5 20. Bg3 g5 21. c5 Nd5 22. Qg4 Qxg4 23. fxg4 f5 24. gxh5 f4 25. Bxf4 gxf4 26. Nd4 f3 27. Rfe1 Rf4 28. Nxc6 Rh4 29. Ne7+ Nxe7 30. Rxe7 Rxh5 31. Rd1 Kf8 32. Ra7 Ke8 1-0

[Event "National Capital op U1600"]
[Site "Ottawa CAN"]
[Date "2009.12.05"]
[Round "3"]
[White "Murray, Brian"]
[Black "Wan, Kevin"]
[Result "0-1"]
[WhiteElo "1512"]
[BlackElo "1547"]
[PlyCount "104"]
[GameId "2160767910030067"]
[EventDate "2009.12.04"]
[EventType "swiss"]
[EventRounds "5"]
[EventCountry "CAN"]
[SourceTitle "EXT 2011"]
[Source "ChessBase"]
[SourceDate "2011.11.26"]
[SourceVersion "1"]
[SourceVersionDate "2011.11.26"]
[SourceQuality "1"]

1. e4 e6 2. d4 d5 3. e5 c5 4. c3 Nc6 5. Be3 Qb6 6. b3 cxd4 7. cxd4 Bb4+ 8. Nd2 Bc3 9. Rc1 Bxd4 10. Bxd4 Nxd4 11. Bd3 Nc6 12. Ngf3 Nge7 13. O-O h6 14. Bb1 O-O 15. Re1 Rd8 16. Qc2 Ng6 17. a3 Bd7 18. Nh4 Nce7 19. Nxg6 Nxg6 20. Re3 Rac8 21. Rc3 Rxc3 22. Qxc3 Rc8 23. Nc4 dxc4 24. bxc4 Qc5 25. Qg3 Qxe5 26. Qd3 Bb5 27. g3 Qc5 28. Qf3 Bc6 29. Qd3 Qf5 30. Qxf5 exf5 31. Bxf5 Rd8 32. c5 Rd2 33. Bc8 Rb2 34. h4 h5 35. a4 Kf8 36. a5 a6 37. Bxb7 Rxb7 38. f4 Rb5 39. Kf2 Rxa5 40. Rc3 Rb5 41. Ke3 Ke7 42. Kd4 Rb4+ 43. Ke3 Ke6 44. Ra3 Bb5 45. Rc3 Rc4 46. f5+ Kxf5 47. Rxc4 Bxc4 48. c6 Ke6 49. Kd4 Kd6 50. Kxc4 Kxc6 51. Kb4 Kb6 52. Ka4 a5 0-1

[Event "National Capital op U1600"]
[Site "Ottawa CAN"]
[Date "2009.12.06"]
[Round "4"]
[White "Hunt, Murray"]
[Black "Wan, Kevin"]
[Result "1/2-1/2"]
[WhiteElo "1598"]
[BlackElo "1547"]
[PlyCount "54"]
[GameId "2160767910030068"]
[EventDate "2009.12.04"]
[EventType "swiss"]
[EventRounds "5"]
[EventCountry "CAN"]
[SourceTitle "EXT 2011"]
[Source "ChessBase"]
[SourceDate "2011.11.26"]
[SourceVersion "1"]
[SourceVersionDate "2011.11.26"]
[SourceQuality "1"]

1. Nf3 d5 2. g3 c5 3. Bg2 Nc6 4. O-O Bg4 5. c4 e6 6. h3 Bxf3 7. Bxf3 Nf6 8. cxd5 exd5 9. b3 Bd6 10. Bb2 Be5 11. Qc2 Bxb2 12. Qxb2 O-O 13. e3 Re8 14. d4 cxd4 15. exd4 Qb6 16. Rd1 Re6 17. Nc3 Rd8 18. Na4 Qc7 19. Rac1 Ne4 20. Nc5 Nxc5 21. dxc5 Re5 22. b4 a6 23. a4 f6 24. b5 Ne7 25. Qb3 Kh8 26. c6 bxc6 27. bxc6 Rb8 1/2-1/2

[Event "National Capital op U2000"]
[Site "Ottawa CAN"]
[Date "2009.12.04"]
[Round "1"]
[White "Lambruschini, Alex"]
[Black "Danilov, Alex"]
[Result "0-1"]
[WhiteElo "1742"]
[BlackElo "1906"]
[PlyCount "67"]
[GameId "2160767910030069"]
[EventDate "2009.12.04"]
[EventType "swiss"]
[EventRounds "5"]
[EventCountry "CAN"]
[SourceTitle "EXT 2011"]
[Source "ChessBase"]
[SourceDate "2011.11.26"]
[SourceVersion "1"]
[SourceVersionDate "2011.11.26"]
[SourceQuality "1"]

1. d4 Nf6 2. c4 e6 3. Nc3 Bb4 4. a3 Bxc3+ 5. bxc3 c5 6. f3 O-O 7. d5 d6 8. e4 Bd7 9. a4 exd5 10. cxd5 Bc8 11. Bb5 a6 12. Bd3 Nbd7 13. Ne2 Ne5 14. O-O Nxd3 15. Qxd3 Re8 16. c4 Rb8 17. Nc3 Qe7 18. Rf2 h6 19. Rb2 g5 20. Rab1 Nd7 21. g4 Ne5 22. Qf1 Qf6 23. Nd1 Nxf3+ 24. Kh1 Rxe4 25. Ne3 Bxg4 26. Rf2 Bh5 27. Qh3 Rh4 28. Qg2 Qg6 29. Rbb2 Rxh2+ 30. Qxh2 Nxh2 31. Rxh2 Bf3+ 32. Kg1 h5 33. Rbf2 g4 34. Bd2 0-1

[Event "National Capital op U2000"]
[Site "Ottawa CAN"]
[Date "2009.12.04"]
[Round "1"]
[White "Li, Ruokai (David)"]
[Black "Laurin, Marcel"]
[Result "0-1"]
[WhiteElo "1980"]
[BlackElo "1806"]
[PlyCount "82"]
[GameId "2160767910030070"]
[EventDate "2009.12.04"]
[EventType "swiss"]
[EventRounds "5"]
[EventCountry "CAN"]

1. e4 b6 2. d4 Bb7 3. Nc3 d6 4. Be3 Nd7 5. Nf3 e6 6. Qd2 h6 7. h3 Ne7 8. Be2 a6 9. O-O g5 10. Nh2 Ng6 11. d5 e5 12. Nd1 Nf6 13. f3 Nf4 14. c4 Bc8 15. Nf2 N6h5 16. Rfc1 Ng3 17. Bf1 h5 18. b4 Bh6 19. c5 Bd7 20. Rc2 g4 21. fxg4 hxg4 22. Nhxg4 Bxg4 23. Nxg4 Nxe4 24. Qe1 f5 25. Nxh6 Rxh6 26. Bxf4 exf4 27. cxb6 cxb6 28. Bd3 Qe7 29. Re2 f3 30. gxf3 Rg6+ 31. Rg2 Rxg2+ 32. Kxg2 Qg5+ 33. Kh1 Qh5 34. Kg1 Qxh3 35. fxe4 Kd7 36. Bf1 Rg8+ 37. Kf2 Qh2+ 38. Kf3 fxe4+ 39. Ke3 Rg3+ 40. Kd4 Qb2+ 41. Kc4 b5# 0-1

[Event "National Capital op U2000"]
[Site "Ottawa CAN"]
[Date "2009.12.04"]
[Round "1"]
[White "Peters, Romy"]
[Black "Ritchie, Gordon"]
[Result "0-1"]
[WhiteElo "1710"]
[BlackElo "1878"]
[PlyCount "120"]
[GameId "2160767910030071"]
[EventDate "2009.12.04"]
[EventType "swiss"]
[EventRounds "5"]
[EventCountry "CAN"]
[SourceTitle "EXT 2011"]
[Source "ChessBase"]
[SourceDate "2011.11.26"]
[SourceVersion "1"]
[SourceVersionDate "2011.11.26"]
[SourceQuality "1"]

1. d4 d5 2. Nf3 Nf6 3. e3 c5 4. Bd3 Bg4 5. O-O e6 6. b3 cxd4 7. exd4 Bb4 8. Bd2 Bd6 9. Bg5 Nc6 10. c3 Qc7 11. h3 Bh5 12. Nbd2 Bf4 13. Bxf4 Qxf4 14. Qe1 O-O 15. Qe3 Qxe3 16. fxe3 Bg6 17. Bxg6 hxg6 18. Rae1 Rad8 19. e4 b5 20. Rf2 b4 21. exd5 Nxd5 22. c4 Nc3 23. Ne5 Nxe5 24. dxe5 Nxa2 25. Ne4 Nc3 26. Nxc3 bxc3 27. Rf3 c2 28. Rc1 Rd1+ 29. Rf1 Rd2 30. Rf2 Rd3 31. b4 Rb8 32. b5 Re3 33. Rcxc2 Rxe5 34. Rb2 Rb7 35. Rfd2 Rc5 36. Rd8+ Kh7 37. Rb4 Kh6 38. Ra4 Kg5 39. Ra8 Rcc7 40. Kf2 Kf6 41. Ke3 Kf5 42. Kd4 Rd7+ 43. Kc5 Rbc7+ 44. Kb4 e5 45. R8xa7 Rxa7 46. Rxa7 Rxa7 47. b6 Ra1 48. Kc5 Ke6 49. Kc6 e4 50. b7 Rb1 51. c5 e3 52. Kc7 e2 53. b8=Q Rxb8 54. Kxb8 Kd5 55. Kc7 Kxc5 56. Kd8 e1=Q 57. Kd7 Qe6+ 58. Kc7 Qe7+ 59. Kc8 Kc6 60. g3 Qf8# 0-1

[Event "National Capital op U2000"]
[Site "Ottawa CAN"]
[Date "2009.12.05"]
[Round "2"]
[White "Eyre, Keven"]
[Black "Van Dusen, Eric"]
[Result "1/2-1/2"]
[WhiteElo "1638"]
[BlackElo "1955"]
[PlyCount "80"]
[GameId "2160767910030072"]
[EventDate "2009.12.04"]
[EventType "swiss"]
[EventRounds "5"]
[EventCountry "CAN"]
[SourceTitle "EXT 2011"]
[Source "ChessBase"]
[SourceDate "2011.11.26"]
[SourceVersion "1"]
[SourceVersionDate "2011.11.26"]
[SourceQuality "1"]

1. e4 e6 2. d4 d5 3. e5 c5 4. c3 Nc6 5. Nf3 Qb6 6. Be2 Nh6 7. Bxh6 Qxb2 8. Be3 Qxa1 9. Qc2 cxd4 10. Bxd4 Nxd4 11. Nxd4 Bd7 12. O-O Rc8 13. Nb3 Ba4 14. Bb5+ Bxb5 15. Nxa1 Bxf1 16. Kxf1 Bc5 17. Qa4+ Ke7 18. Nb3 Bb6 19. Qb4+ Ke8 20. Qb5+ Kf8 21. Qd7 Rd8 22. Qxb7 g6 23. Nd4 Bxd4 24. cxd4 Kg7 25. Qe7 Rhe8 26. Qxa7 Ra8 27. Qd7 Rec8 28. Nd2 Rc1+ 29. Ke2 Rxa2 30. Qd8 h5 31. Qf6+ Kg8 32. Qd8+ Kh7 33. Qf6 Rc7 34. g4 hxg4 35. Qh4+ Kg7 36. Qf6+ Kh6 37. Qf4+ Kh7 38. Qf6 Rcc2 39. Qxf7+ Kh6 40. Qf4+ Kg7 1/2-1/2

[Event "National Capital op U2000"]
[Site "Ottawa CAN"]
[Date "2009.12.06"]
[Round "5"]
[White "Laurin, Marcel"]
[Black "Kalra, Agastya"]
[Result "0-1"]
[WhiteElo "1806"]
[BlackElo "1824"]
[PlyCount "60"]
[GameId "2160767910030073"]
[EventDate "2009.12.04"]
[EventType "swiss"]
[EventRounds "5"]
[EventCountry "CAN"]
[SourceTitle "EXT 2011"]
[Source "ChessBase"]
[SourceDate "2011.11.26"]
[SourceVersion "1"]
[SourceVersionDate "2011.11.26"]
[SourceQuality "1"]

1. d4 Nf6 2. c4 c5 3. d5 b5 4. e3 g6 5. cxb5 a6 6. Nc3 Bg7 7. Be2 O-O 8. Bf3 d6 9. Bd2 axb5 10. Nxb5 Ba6 11. Nc3 Nbd7 12. Be2 Nb6 13. Bxa6 Rxa6 14. e4 Qa8 15. Nge2 Rb8 16. Qc2 Nc4 17. Rb1 Nxd2 18. Qxd2 Rab6 19. O-O Nd7 20. b3 Qa5 21. Qc2 c4 22. bxc4 Rxb1 23. Nxb1 Rb2 24. Qd3 Nc5 25. Qf3 Qxa2 26. Nec3 Qxc4 27. g3 Rb3 28. Rc1 Na4 29. Ne2 Qxc1+ 30. Nxc1 Rxf3 0-1

[Event "National Capital op U2000"]
[Site "Ottawa CAN"]
[Date "2009.12.06"]
[Round "5"]
[White "Spicer, Christopher"]
[Black "Hubley, Roger"]
[Result "0-1"]
[WhiteElo "1986"]
[BlackElo "1896"]
[PlyCount "46"]
[GameId "2160767910030074"]
[EventDate "2009.12.04"]
[EventType "swiss"]
[EventRounds "5"]
[EventCountry "CAN"]
[SourceTitle "EXT 2011"]
[Source "ChessBase"]
[SourceDate "2011.11.26"]
[SourceVersion "1"]
[SourceVersionDate "2011.11.26"]
[SourceQuality "1"]

1. Nf3 Nf6 2. c4 c5 3. Nc3 g6 4. e4 Nc6 5. d4 cxd4 6. Nxd4 Bg7 7. Nc2 d6 8. Be2 O-O 9. O-O a6 10. Bd2 e6 11. Bg5 Qa5 12. Qd2 Ne8 13. Rac1 f5 14. a3 fxe4 15. b4 Bxc3 16. Qxc3 Qxg5 17. f3 exf3 18. Bxf3 Ne5 19. Be2 Nf6 20. Qd4 d5 21. Ne3 Nc6 22. Qc5 Bd7 23. cxd5 Nxd5 0-1

[Event "Northern Ontario"]
[Site "Thunder Bay CAN"]
[Date "2009.03.21"]
[Round "4"]
[White "McTavish, David"]
[Black "Arencibia Rodriguez, Walter"]
[Result "1/2-1/2"]
[WhiteElo "2224"]
[BlackElo "2557"]
[PlyCount "47"]
[GameId "2160767910223061"]
[EventDate "2009.03.21"]
[EventType "swiss"]
[EventRounds "5"]
[EventCountry "CAN"]
[SourceTitle "EXT 2011"]
[Source "ChessBase"]
[SourceDate "2011.11.26"]
[SourceVersion "1"]
[SourceVersionDate "2011.11.26"]
[SourceQuality "1"]

1. e4 e5 2. f4 exf4 3. Nf3 Ne7 4. d4 d5 5. e5 Ng6 6. h4 Be7 7. h5 Nh4 8. Bxf4 Bg4 9. Qd3 Nc6 10. Nxh4 Bxh4+ 11. g3 Be7 12. Be2 Bxe2 13. Kxe2 f6 14. exf6 Bxf6 15. c3 Qd7 16. Nd2 O-O-O 17. Rae1 Rde8+ 18. Kd1 Qg4+ 19. Qf3 Qd7 20. Rxe8+ Rxe8 21. Re1 Rxe1+ 22. Kxe1 Nd8 23. g4 Nf7 24. Nf1 1/2-1/2

[Event "November U20"]
[Site "New Westminster CAN"]
[Date "2009.11.15"]
[Round "4"]
[White "Awatramani, Janak"]
[Black "Sohal, Tanraj"]
[Result "1/2-1/2"]
[WhiteElo "1770"]
[BlackElo "2104"]
[PlyCount "71"]
[GameId "2160767910030362"]
[EventDate "2009.11.14"]
[EventType "swiss"]
[EventRounds "5"]
[EventCountry "CAN"]

1. g3 d5 2. Bg2 e5 3. d3 c6 4. Nc3 Bb4 5. Bd2 Ne7 6. e4 O-O 7. f4 exf4 8. gxf4 Ng6 9. Nf3 Re8 10. e5 Nh4 11. Qe2 Bg4 12. Qf2 Bxf3 13. Bxf3 Nxf3+ 14. Qxf3 Qh4+ 15. Qg3 Qxg3+ 16. hxg3 Bxc3 17. Bxc3 c5 18. Kf2 d4 19. Bd2 Nd7 20. Rae1 Re6 21. g4 Rae8 22. Rh3 f6 23. Reh1 Nf8 24. Rh5 fxe5 25. f5 R6e7 26. Bg5 Rf7 27. R5h3 g6 28. Rf3 e4 29. dxe4 Rxe4 30. fxg6 Nxg6 31. Rxf7 Kxf7 32. Rxh7+ Ke6 33. Kf3 Re1 34. Rxb7 Ne5+ 35. Kf2 Re4 36. Rxa7 1/2-1/2

[Event "November U20"]
[Site "New Westminster CAN"]
[Date "2009.11.15"]
[Round "4"]
[White "Han, Yifei"]
[Black "Cheng, Jack"]
[Result "0-1"]
[WhiteElo "1859"]
[BlackElo "2030"]
[PlyCount "78"]
[GameId "2160767910030363"]
[EventDate "2009.11.14"]
[EventType "swiss"]
[EventRounds "5"]
[EventCountry "CAN"]

1. e4 e5 2. Nf3 Nc6 3. Bb5 a6 4. Ba4 Nf6 5. O-O b5 6. Bb3 Bb7 7. c3 Nxe4 8. d4 Na5 9. Nxe5 Nxb3 10. Qxb3 Nd6 11. Qd1 Be7 12. Qg4 h5 13. Qxg7 Bf6 14. Qg3 Nf5 15. Qh3 Nh4 16. Re1 Nxg2 17. Nc6+ Nxe1 18. Qe3+ Kf8 19. Nxd8 Nf3+ 20. Kf1 Rxd8 21. Qd3 Nxh2+ 22. Ke1 Re8+ 23. Be3 Ng4 24. Kd2 Nxe3 25. fxe3 Bg5 26. Qf5 Bxe3+ 27. Kd1 Rg8 28. Qxh5 Rg1+ 29. Kc2 Be4+ 30. Kb3 Bxb1 31. Ka3 Re6 32. Qc5+ Kg7 33. Qxc7 d5 34. Qh2 a5 35. Qh4 Bg5 36. Qh2 Be7+ 37. b4 axb4+ 38. cxb4 Ree1 39. Qf2 Bg5 0-1

[Event "November U20"]
[Site "New Westminster CAN"]
[Date "2009.11.15"]
[Round "4"]
[White "Hui, Jeremy"]
[Black "Bolatov, Umar"]
[Result "1-0"]
[WhiteElo "1690"]
[BlackElo "1679"]
[PlyCount "71"]
[GameId "2160767910030364"]
[EventDate "2009.11.14"]
[EventType "swiss"]
[EventRounds "5"]
[EventCountry "CAN"]

1. e4 g6 2. d4 Bg7 3. Nc3 d6 4. Be3 Nd7 5. Qd2 Ngf6 6. f3 O-O 7. Bh6 c5 8. Bxg7 Kxg7 9. d5 Nb6 10. O-O-O Qc7 11. h4 Rd8 12. Be2 e6 13. g4 exd5 14. exd5 Qe7 15. h5 Rh8 16. hxg6 hxg6 17. Rxh8 Kxh8 18. Qh6+ Kg8 19. Nh3 Qf8 20. Qh4 Kg7 21. Nf2 Qh8 22. Qg3 Qf8 23. Rh1 Qd8 24. Qh4 Kf8 25. Qg5 Ke7 26. Nfe4 Nbd7 27. Bb5 Qf8 28. Bxd7 Qg7 29. Nxf6 Qxf6 30. Re1+ Kxd7 31. Qxf6 Kc7 32. Nb5+ Kb6 33. a4 Ka5 34. Qxd6 Kxa4 35. Qxc5 b6 36. Nc3# 1-0

[Event "November U20"]
[Site "New Westminster CAN"]
[Date "2009.11.15"]
[Round "4"]
[White "Jensen, Jacob"]
[Black "Gong, John"]
[Result "1/2-1/2"]
[WhiteElo "1618"]
[BlackElo "1591"]
[PlyCount "70"]
[GameId "2160767910030365"]
[EventDate "2009.11.14"]
[EventType "swiss"]
[EventRounds "5"]
[EventCountry "CAN"]

1. c4 Nf6 2. Nc3 g6 3. g3 Bg7 4. Bg2 c6 5. Nf3 d6 6. d3 O-O 7. Bd2 a5 8. O-O Bd7 9. h3 Qc7 10. Be3 Kh8 11. Rc1 Ng8 12. b3 Na6 13. Na4 c5 14. Nc3 e6 15. Bf4 Bxc3 16. Rxc3 e5 17. Bd2 Qc8 18. Kh2 Nc7 19. Rc2 Ra7 20. Qc1 Kg7 21. Ng5 Ne6 22. Ne4 Qb8 23. e3 b5 24. f4 exf4 25. exf4 f5 26. Bc3+ Kf7 27. Ng5+ Nxg5 28. fxg5 Re8 29. Qa1 b4 30. Bh8 Ke7 31. Bf6+ Kf7 32. Bd5+ Be6 33. g4 Bxd5 34. cxd5 Nxf6 35. Qxf6+ Kg8 1/2-1/2

[Event "November U20"]
[Site "New Westminster CAN"]
[Date "2009.11.15"]
[Round "4"]
[White "Rathburn-MacKay, Hector"]
[Black "Lo, Ryan"]
[Result "0-1"]
[WhiteElo "1472"]
[BlackElo "1672"]
[PlyCount "152"]
[GameId "2160767910030366"]
[EventDate "2009.11.14"]
[EventType "swiss"]
[EventRounds "5"]
[EventCountry "CAN"]

1. e4 c5 2. Nc3 e6 3. g3 d5 4. Bg2 d4 5. Nce2 Nc6 6. d3 Bd6 7. f4 f6 8. Nf3 Nge7 9. O-O e5 10. f5 Bd7 11. Bd2 Qb6 12. Qc1 O-O-O 13. g4 Rhg8 14. g5 Rh8 15. Ng3 Be8 16. Bh3 Kb8 17. a3 Bf7 18. Kh1 Rc8 19. Rb1 c4 20. Qe1 Rcf8 21. Qe2 Qb5 22. Ne1 Bxa3 23. dxc4 Bxc4 24. Qd1 Bb4 25. c3 Bc5 26. Rf3 Bf7 27. Bf1 Bc4 28. gxf6 gxf6 29. Bxc4 Qxc4 30. b3 Qb5 31. c4 Qb6 32. Nd3 Nb4 33. Bxb4 Bxb4 34. Qc2 Nc6 35. Nh5 Rhg8 36. Rg3 Rxg3 37. hxg3 Be7 38. c5 Qb5 39. b4 Rg8 40. Qb3 Rg5 41. Qd1 Rxh5+ 42. Qxh5 Qxd3 43. Re1 Qxg3 44. Rg1 Qd3 45. Qh4 Qf3+ 46. Rg2 h5 47. Qe1 Qh3+ 48. Rh2 Qf3+ 49. Rg2 Qe3 50. Re2 Qc3 51. Qb1 d3 52. Re3 Qc2 53. Re1 d2 54. Rd1 Qxb1 55. Rxb1 Kc7 56. b5 Nd4 57. b6+ axb6 58. cxb6+ Kc6 59. Kg2 Bc5 60. Kf1 Bxb6 61. Rd1 Ba5 62. Kf2 Nb5 63. Ke3 b6 64. Kd3 Nd4 65. Kc4 Nf3 66. Kd3 Ng5 67. Ke3 h4 68. Rh1 h3 69. Ke2 b5 70. Kd1 Bc3 71. Kc2 b4 72. Kb3 Nxe4 73. Kc2 Nf2 74. Rf1 d1=Q+ 75. Rxd1 Nxd1 76. Kxd1 h2 0-1

[Event "November U20"]
[Site "New Westminster CAN"]
[Date "2009.11.15"]
[Round "4"]
[White "Zhao, Donovan"]
[Black "Lai, Peter"]
[Result "1/2-1/2"]
[WhiteElo "1687"]
[BlackElo "1801"]
[PlyCount "84"]
[GameId "2160767910030367"]
[EventDate "2009.11.14"]
[EventType "swiss"]
[EventRounds "5"]
[EventCountry "CAN"]

1. e4 e6 2. d4 d5 3. exd5 exd5 4. c4 Nf6 5. Nc3 c6 6. Nf3 Be7 7. Be2 O-O 8. O-O h6 9. Bf4 Be6 10. Qb3 Qb6 11. Qxb6 axb6 12. Ne5 dxc4 13. Bxc4 Bxc4 14. Nxc4 Nbd7 15. a3 b5 16. Bd6 Rfe8 17. Rfe1 Bf8 18. Bxf8 Nxf8 19. Nd6 Red8 20. Nxb7 Rxd4 21. Rad1 Ne6 22. Rxd4 Nxd4 23. Nc5 Re8 24. Rxe8+ Nxe8 25. f3 Nd6 26. Kf2 Nc4 27. Nd3 Kf8 28. Ne2 Nc2 29. Nec1 Ke7 30. Na2 Kd6 31. Ke2 Nd4+ 32. Ke1 c5 33. Nc3 f5 34. b4 Nxa3 35. bxc5+ Kc6 36. Na2 Nac2+ 37. Kd2 b4 38. Naxb4+ Nxb4 39. Nxb4+ Kxc5 40. Ke3 Kc4 41. Nd3 g5 42. Ne5+ Kd5 1/2-1/2

[Event "November U20"]
[Site "New Westminster CAN"]
[Date "2009.11.15"]
[Round "5"]
[White "Cheng, Jack"]
[Black "Awatramani, Janak"]
[Result "0-1"]
[WhiteElo "2030"]
[BlackElo "1770"]
[PlyCount "148"]
[GameId "2160767910030368"]
[EventDate "2009.11.14"]
[EventType "swiss"]
[EventRounds "5"]
[EventCountry "CAN"]

1. e4 b6 2. d4 Bb7 3. Bd3 e6 4. Nf3 Nf6 5. Qe2 d5 6. e5 Nfd7 7. O-O c5 8. c3 Nc6 9. a3 a6 10. b4 Be7 11. Nbd2 g5 12. Bb2 Qc7 13. Rfe1 g4 14. Nh4 Bxh4 15. Qxg4 Be7 16. Qg7 Rf8 17. Bxh7 O-O-O 18. Nf3 f6 19. exf6 Bxf6 20. Qg6 e5 21. dxe5 Ncxe5 22. Nxe5 Bxe5 23. g3 Rf6 24. Qd3 Qc6 25. f4 Bc7 26. Re7 c4 27. Qe2 b5 28. Bc1 Qd6 29. Bd2 d4 30. Be4 Bb6 31. Kh1 Rh8 32. Bxb7+ Kxb7 33. Re1 d3 34. Qe4+ Kc7 35. h4 Rhf8 36. Qh7 Rd8 37. R1e4 Rg6 38. Kg2 Kc8 39. h5 Rg4 40. Qf5 Rdg8 41. Re8+ Kc7 42. Rxg8 Rxg8 43. g4 Nf6 44. Re6 Qd5+ 45. Qxd5 Nxd5 46. g5 Kd7 47. Re5 Nf6 48. h6 Ng4 49. Re1 Nxh6 50. Kf3 Nf5 51. Re5 Nh4+ 52. Kg3 Ng6 53. Re4 Kc6 54. f5 Kd5 55. Re6 Bc7+ 56. Kf3 Ne5+ 57. Kg2 Ke4 58. f6 Kf5 59. Re7 Bd6 60. Rh7 Ng6 61. Rd7 Bf4 62. Bxf4 Nxf4+ 63. Kf3 Kxg5 64. f7 Rf8 65. Ke4 Ng6 66. Ke3 Kf6 67. Rd6+ Kxf7 68. Rxa6 Re8+ 69. Kd2 Re2+ 70. Kd1 Rc2 71. Rb6 Rxc3 72. Rxb5 Rxa3 73. Rc5 c3 74. Rd5 Ra1# 0-1

[Event "November U20"]
[Site "New Westminster CAN"]
[Date "2009.11.15"]
[Round "5"]
[White "Han, Yifei"]
[Black "Zhao, Donovan"]
[Result "1/2-1/2"]
[WhiteElo "1859"]
[BlackElo "1687"]
[PlyCount "66"]
[GameId "2160767910030369"]
[EventDate "2009.11.14"]
[EventType "swiss"]
[EventRounds "5"]
[EventCountry "CAN"]

1. e4 d6 2. d4 Nf6 3. Nc3 g6 4. Bc4 Bg7 5. Be3 c6 6. f3 b5 7. Bb3 a6 8. Qd2 Nbd7 9. Bh6 Bxh6 10. Qxh6 Qc7 11. Nh3 c5 12. Bxf7+ Kxf7 13. Ng5+ Ke8 14. Ne6 Qa7 15. Nd5 Nxd5 16. exd5 Nf6 17. dxc5 Bxe6 18. dxe6 Qxc5 19. O-O-O Rc8 20. Rd2 Kd8 21. Rhd1 Rc7 22. Qf4 Rc6 23. b4 Qc3 24. Qd4 Qxd4 25. Rxd4 Kc7 26. g4 Rf8 27. Rf4 Nd7 28. Rdd4 Rxf4 29. Rxf4 Ne5 30. Rf7 h5 31. gxh5 gxh5 32. f4 Nd3+ 33. Kb1 Nxb4 1/2-1/2

[Event "November U20"]
[Site "New Westminster CAN"]
[Date "2009.11.15"]
[Round "5"]
[White "Han, Yiming"]
[Black "Hui, Jeremy"]
[Result "1-0"]
[WhiteElo "1832"]
[BlackElo "1690"]
[PlyCount "97"]
[GameId "2160767910030370"]
[EventDate "2009.11.14"]
[EventType "swiss"]
[EventRounds "5"]
[EventCountry "CAN"]

1. e4 e6 2. d4 d5 3. Nc3 Bb4 4. e5 c5 5. a3 Bxc3+ 6. bxc3 Ne7 7. h4 Nbc6 8. Nf3 h6 9. g4 Qb6 10. Bh3 Bd7 11. Kf1 Rc8 12. Kg2 Na5 13. Kh2 cxd4 14. cxd4 Ba4 15. Ra2 Qc7 16. Ne1 Qc4 17. Rb2 Qc3 18. Rg1 Rc4 19. Qd2 Bc6 20. Qxc3 Rxc3 21. Rg3 Rxg3 22. Kxg3 Nc4 23. Rb3 Kd7 24. Bf1 Rc8 25. Rf3 Rf8 26. Rc3 Bb5 27. Bd3 Rc8 28. f4 g6 29. Nf3 Rg8 30. Rb3 Bc6 31. Rb4 Na5 32. Nd2 Rc8 33. Nf1 Rg8 34. Ne3 h5 35. gxh5 gxh5+ 36. Kf2 Ng6 37. Ng2 Ne7 38. Be2 Nf5 39. Bxh5 Rh8 40. Bxf7 Nxh4 41. Nxh4 Rxh4 42. f5 Rh2+ 43. Kg3 Rxc2 44. Bxe6+ Ke7 45. Bg5+ Ke8 46. f6 Rc3+ 47. Kf4 Kd8 48. f7+ Kc7 49. f8=Q 1-0

[Event "November U20"]
[Site "New Westminster CAN"]
[Date "2009.11.15"]
[Round "5"]
[White "Xiao, Alice"]
[Black "Rathburn-MacKay, Hector"]
[Result "1-0"]
[WhiteElo "1607"]
[BlackElo "1472"]
[PlyCount "121"]
[GameId "2160767910030371"]
[EventDate "2009.11.14"]
[EventType "swiss"]
[EventRounds "5"]
[EventCountry "CAN"]

1. e4 c5 2. Nf3 d6 3. d4 cxd4 4. Nxd4 Nf6 5. Nc3 g6 6. Bd3 Bg7 7. O-O Nc6 8. Bb5 Bd7 9. Nxc6 bxc6 10. Be2 O-O 11. Be3 Qc7 12. Qd2 Rab8 13. b3 Rfd8 14. Rad1 Rb4 15. f3 c5 16. Bg5 Bc6 17. Bc4 Qb7 18. Be3 Rd7 19. a3 Rb6 20. a4 Qb8 21. a5 Rbb7 22. Kh1 Qd8 23. a6 Rb8 24. Qe2 Qa5 25. Rd3 Ne8 26. Nd5 e6 27. Nf4 Bb5 28. Bxb5 Rxb5 29. Rfd1 Qxa6 30. Qf2 Qc6 31. Qg1 Nc7 32. Ne2 Na6 33. Nc3 Bxc3 34. Rxc3 Nb4 35. e5 Nd5 36. Rc4 Nxe3 37. Qxe3 d5 38. Rh4 Qc7 39. Re1 Rb4 40. Rh3 h5 41. Qg5 Qd8 42. Qh6 Qf8 43. Qe3 Rdb7 44. g4 hxg4 45. fxg4 Re4 46. Qf2 Rxg4 47. Qf6 Qg7 48. Qd8+ Qf8 49. Rh8+ Kxh8 50. Qxf8+ Kh7 51. Rf1 Rg5 52. Rxf7+ Rxf7 53. Qxf7+ Kh6 54. Qxe6 Rf5 55. Qxd5 Kg5 56. Qd8+ Kg4 57. e6 Kh3 58. Qh8+ Rh5 59. Qxh5+ gxh5 60. e7 h4 61. e8=Q 1-0

[Event "November U20 reserves"]
[Site "New Westminster CAN"]
[Date "2009.11.14"]
[Round "1"]
[White "Su, Michael"]
[Black "Zheng, Kyle"]
[Result "0-1"]
[WhiteElo "916"]
[BlackElo "1148"]
[PlyCount "126"]
[GameId "2160767910030372"]
[EventDate "2009.11.14"]
[EventType "swiss"]
[EventRounds "5"]
[EventCountry "CAN"]

1. e4 e5 2. Nf3 Nc6 3. Bc4 Nf6 4. Nc3 Nxe4 5. Nxe4 d5 6. Bxd5 Qxd5 7. d3 Bg4 8. Be3 O-O-O 9. O-O Qb5 10. Rb1 Qa5 11. Neg5 Qxa2 12. Ra1 Qd5 13. Bxa7 b6 14. c4 Bxf3 15. cxd5 Bxd1 16. dxc6 Bb3 17. Ra3 Bd5 18. Rc3 f6 19. Ne4 Bb4 20. Rc2 Bb3 21. Rcc1 Rxd3 22. f3 Re8 23. Nf2 Rd2 24. Ne4 Rxb2 25. Ra1 Bd5 26. Bxb6 Bxc6 27. Rfc1 cxb6 28. Rxc6+ Kb7 29. Rc4 Ra8 30. Rd1 Rc8 31. Rd7+ Kb8 32. Nd6 Rxc4 33. Nxc4 Bc5+ 34. Kf1 Rf2+ 35. Ke1 Rxg2 36. Nd6 Bxd6 37. Rxd6 Kc7 38. Rd3 Rxh2 39. Kf1 b5 40. Rc3+ Kb6 41. Kg1 Rd2 42. Kf1 b4 43. Ke1 Rd7 44. Rb3 Kb5 45. Rb2 Ka4 46. Ra2+ Kb3 47. Rh2 Kc3 48. Ra2 b3 49. Ra3 Kc2 50. Ra1 b2 51. Ra2 Kc1 52. Rxb2 Kxb2 53. Ke2 Kc2 54. Kf2 Rd3 55. Kg3 h5 56. Kh4 g6 57. Kg3 g5 58. Kg2 Kd2 59. Kg3 Ke2 60. Kg2 Rxf3 61. Kh1 Rg3 62. Kh2 Kf2 63. Kh1 Rh3# 0-1

[Event "November U20 reserves"]
[Site "New Westminster CAN"]
[Date "2009.11.14"]
[Round "1"]
[White "Szinku, Peter"]
[Black "Datcu-Romano, Alex"]
[Result "1-0"]
[WhiteElo "1174"]
[BlackElo "1022"]
[PlyCount "42"]
[GameId "2160767910030373"]
[EventDate "2009.11.14"]
[EventType "swiss"]
[EventRounds "5"]
[EventCountry "CAN"]

1. e4 c5 2. Nf3 e6 3. d3 d6 4. g3 Nf6 5. Bg2 Be7 6. O-O O-O 7. Nbd2 Nc6 8. Re1 Ng4 9. Nc4 b5 10. Ne3 Nxe3 11. Bxe3 Bf6 12. c3 Bb7 13. Qb3 a6 14. Qc2 Rb8 15. Qe2 b4 16. Bd2 Qc7 17. Ng5 Bxg5 18. Bxg5 bxc3 19. bxc3 f6 20. Bd2 f5 21. exf5 exf5 1-0